000 00308nam a22001217a 4500
008 180802b xxu||||| |||| 00| 0 eng d
082 _a813.52
245 _aGreat Minds of the Western Intellectual Tradition
_cSugrue,S
260 _c1995
300 _a6
_fCassette
440 _x18008322421
942 _2ddc
_cMX
999 _c46725
_d46725